| 000 | 00878nam a22002417a 4500 | ||
|---|---|---|---|
| 999 |
_c12228 _d12228 |
||
| 003 | AR-CdUCM | ||
| 008 | 190408b ||||| |||| 00| 0 spa d | ||
| 040 |
_aMUNICIPALIDAD PROVINCIAL DEL CUSCO _cBIBLIOTECA MUNICIPAL DEL CUSCO |
||
| 041 | _hfre | ||
| 082 |
_a231 / _bB746 / 1945 |
||
| 100 |
_aBossuet, Jacques Bénigne _929978 |
||
| 245 | _aDel conocimiento de Dios y de sí mismo / | ||
| 260 |
_aBuenos Aires : _bLosada, _c1945. |
||
| 300 |
_a216 páginas ; _c20 cm. |
||
| 505 | _aContenido: Del alma -- Del cuerpo -- De la unión del alma y el cuerpo -- De Dios, creador del alma y del cuerpo y autor de su unión ... | ||
| 650 |
_aTeoría del Dios _929979 |
||
| 650 |
_aAutoconocimiento _929980 |
||
| 650 |
_aParalelismo _929981 |
||
| 650 |
_aPsicofísico _929982 |
||
| 700 |
_aPalacios, Ernesto (traductor) _929983 |
||
| 942 |
_2ddc _cLIBROS |
||
| 945 |
_acmm _d2019-04-08 |
||